History of weather and climate in the Czech Lands. Volume IX, Temperature and precipitation fluctuations in the Czech Lands during the instrumental period /

Další autoři: Brázdil, Rudolf, 1951-
Jazyk: Angličtina
Vydáno: Brno : Masaryk Univerzity, 2012
Vydání: 1st. ed.
Témata:
Externí odkaz: Digitalizovaný dokument
Fyzický popis: 235 s. : il. (některé barev.), mapy, portréty, faksim. ; 31 cm
Language note: České resumé
Knihy
Uloženo v:
LEADER 02365nam a2200553 a 4500
001 nkc20132448480
003 CZ PrNK
005 20181123235012.0
007 ta
008 130325s2012 xr abchf 000 0 eng
015 |a cnb002448480 
020 |a 978-80-210-6052-4  |q (váz.) 
035 |a (OCoLC)842346095 
040 |a BOA001  |b cze 
041 1 |a eng  |b cze  |h cze 
043 |a e-xr--- 
072 7 |a 551  |x Geologie. Meteorologie. Klimatologie  |2 Konspekt  |9 7 
080 |a 551.524  |2 MRF 
080 |a 551.577/.578  |2 MRF 
080 |a 551.501  |2 MRF 
080 |a 551.5(091)  |2 MRF 
080 |a (437.3)  |2 MRF 
080 |a (048.8:082)  |2 MRF 
245 0 0 |a History of weather and climate in the Czech Lands.  |n Volume IX,  |p Temperature and precipitation fluctuations in the Czech Lands during the instrumental period /  |c Rudolf Brázdil ... [et al.] 
246 3 0 |a Temperature and precipitation fluctuations in the Czech Lands during the instrumental period 
250 |a 1st. ed. 
260 |a Brno :  |b Masaryk Univerzity,  |c 2012 
300 |a 235 s. :  |b il. (některé barev.), mapy, portréty, faksim. ;  |c 31 cm 
500 |a Přeloženo z češtiny? 
504 |a Obsahuje bibliografii a bibliografické odkazy 
546 |a České resumé 
650 0 7 |a teplota vzduchu  |7 ph117884  |z Česko  |2 czenas 
650 0 7 |a vodní srážky  |7 ph136881  |z Česko  |2 czenas 
650 0 7 |a meteorologická měření  |7 ph162494  |z Česko  |2 czenas 
650 0 7 |a dějiny meteorologie  |7 ph501255  |z Česko  |2 czenas 
650 0 9 |a air temperature  |z Czechia  |2 eczenas 
650 0 9 |a precipitation (meteorology)  |z Czechia  |2 eczenas 
650 0 9 |a meteorological observations  |z Czechia  |2 eczenas 
650 0 9 |a meteorological measurements  |z Czechia  |2 eczenas 
650 0 9 |a history of meteorology  |z Czechia  |2 eczenas 
655 7 |a kolektivní monografie  |7 fd501537  |2 czenas 
655 9 |a collective monographs  |2 eczenas 
700 1 |a Brázdil, Rudolf,  |d 1951-  |7 jn19981000344  |4 aut 
856 4 1 |u http://www.digitalniknihovna.cz/mzk/uuid/uuid:8f5c29e0-d8f1-11e8-bc37-005056827e51  |y Digitalizovaný dokument  |x NDK 
910 2 |a BOA001  |b 4-1027.669,9 
990 |a BK 
995 |a 01 
996 6 |b 2610544369  |c 4-1027.669,9  |l MZK  |r Sklad / do 1 hodiny  |n 0  |p p.v.  |w 001321317  |u 000010  |a 1  |e BOA001  |j MZK50  |s P 
996 7 |b 2610544370  |c 4-1027.669,9  |l MZK  |r Sklad / do 1 hodiny  |n 0  |p p.v.  |w 001321317  |u 000020  |a 1  |e BOA001  |j MZK50  |s A